000
00317nam a2200133Ia 4500
008
231017s9999 xx 000 0 und d
082
_a
388.411
082
_b
FHW
245
0
_a
Evaluation of the Focused Approach to Pedestrian Safety Program
245
0
_c
FHWA
260
_b
FHWA
300
_c
30cm
942
_c
REP
999
_c
604176
_d
604176